El hombre, origen y misterio : el universo, el hombre y la mitología /

Enciclopedia que revisa la historia de las grandes civilizaciones antiguas, con énfasis en la mitología y cosmovisión que han caracterizado a las diversas culturas.

Salvato in:
Dettagli Bibliografici
Autore principale: Layna y Ordóñez, Luis Manuel (coord.)
Altri autori: Arostegui, Javier (coordinación) (coordinación)
Natura: Libro
Lingua:spagnolo
Pubblicazione: México : UTEHA, 1983, c1983
Soggetti:
Tags: Aggiungi Tag
Nessun Tag, puoi essere il primo ad aggiungerne!!

MARC

LEADER 00000nam^a2200000^a^4500
001 000187430
005 20250521000000.0
009 20260310102301.643
020 |a 968-438-059-3 
020 |a 968-438-058-5 
037 |a Acervo ITESO - Biblioteca 
041 |a ESP 
082 |a 930. 03  |b HOM V. 1 
100 |a Layna y Ordóñez, Luis Manuel  |e (coord.) 
240 1 4 |a [El hombre, origen y misterios] 
245 1 3 |a El hombre, origen y misterio :  |b el universo, el hombre y la mitología /  |c Coord. de L.M. Layna y Ordóñez, J. Arostegui. 
264 4 |a México :  |b UTEHA,  |c 1983, c1983 
300 |a 128 p. 
336 |a texto  |b txt  |2 rdacontenido 
337 |a sin mediación  |b n  |2 rdamedio 
338 |a volumen  |b nc  |2 rdasoporte 
520 |a Enciclopedia que revisa la historia de las grandes civilizaciones antiguas, con énfasis en la mitología y cosmovisión que han caracterizado a las diversas culturas. 
649 |a XX 
650 |a Hombre -  |x Origen 
650 |a Hombre Prehistórico 
650 |a Vida -  |x Origen 
650 |a Tierra -  |x Historia 
650 |a Mitología 
650 |a Cosmovisión 
650 |a Religión 
650 |a Paleografía 
650 |a Arqueología 
650 |a Prehistoria 
650 |a Historia Antigua -  |x Enciclopedias y Diccionarios 
650 |a Historia Universal -  |x Enciclopedias y Diccionarios 
650 |a Enciclopedias y Diccionarios 
700 |a Arostegui, Javier  |e (coordinación) 
910 |a Fondo General 
920 |a Impresos - Libros 
930 |a Obras de Referencia 
905 |a 102 
901 |a 0500129803  |b IT2  |c REF  |u 20250521 
902 |a https://opac.biblio.iteso.mx/vufind/Record/000187430